Credit practices of European subsidiaries of U.S. multinational corporations.
Skúmajú sa postupy francúzskych, nemeckých a talianskych pobočiek amerických mnohonárodných spoločností pri poskytovaní úveru. Informácie o rozsahu pôžičiek prekračujúcich národné hranice, zdroje informácií o uchádzačoch o úver, kritériá uplatnené pri poskytnutí úveru a úroveň konzistentnosti pri ro...
Salvato in:
| Autore principale: | |
|---|---|
| Altri autori: | |
| Natura: | Capitolo di libro |
| Lingua: | inglese |
| Soggetti: | |
| Tags: |
Nessun Tag, puoi essere il primo ad aggiungerne!!
|
MARC
| LEADER | 00000naa a2200000 4500 | ||
|---|---|---|---|
| 001 | r011090 | ||
| 005 | 20221130113131.4 | ||
| 041 | 0 | |a eng | |
| 044 | |a DE | ||
| 245 | 1 | 0 | |a Credit practices of European subsidiaries of U.S. multinational corporations. |c J. Talaga, J. Buch |
| 520 | |a Skúmajú sa postupy francúzskych, nemeckých a talianskych pobočiek amerických mnohonárodných spoločností pri poskytovaní úveru. Informácie o rozsahu pôžičiek prekračujúcich národné hranice, zdroje informácií o uchádzačoch o úver, kritériá uplatnené pri poskytnutí úveru a úroveň konzistentnosti pri rozhodovaní o poskytnutí úveru. Rozdiely v prístupoch pobočiek sú značné, aj v rámci jednej korporácie. | ||
| 610 | 2 | 0 | |a spoločnosti nadnárodné |
| 610 | 2 | 0 | |a USA |
| 610 | 2 | 0 | |a úver medzinárodný |
| 610 | 2 | 0 | |a banky medzinárodné |
| 610 | 2 | 0 | |a Európa |
| 610 | 2 | 0 | |a pôžičky zahraničné |
| 610 | 2 | 0 | |a informácie |
| 100 | 1 | |a Talaga, J. | |
| 700 | 1 | |a Buch, J. | |